Historia de Chile bajo el gobierno del general Don Joaquín Prieto.
Saved in:
| Main Author: | |
|---|---|
| Corporate Author: | |
| Format: | Book |
| Language: | Spanish |
| Published: |
Santiago, Chile:
Fondo Histórico Presidente Joaquín Prieto,
1962 -1965.
|
| Edition: | Tercera edición. |
| Series: | Estudios,
1. |
| Subjects: | |
| Tags: |
Add Tag
No Tags, Be the first to tag this record!
|
MARC
| LEADER | 00000nam a2200000 a 4500 | ||
|---|---|---|---|
| 001 | UCR1372 | ||
| 003 | CL-VaPUC | ||
| 005 | 20220822114335.0 | ||
| 008 | 971219e19620000CL |||||||||||||||||spa|d | ||
| 999 | |c 264776 |d 264774 | ||
| 040 | |c Pontificia Universidad Católica de Valparaíso | ||
| 082 | 0 | 4 | |a 983.05 SOT 1962 (v.I) |2 21 |
| 082 | 0 | 4 | |a 983.05 SOT 1965 (v.II) |2 21 |
| 100 | 0 | |a Sotomayor Valdés, Ramón |e autor |9 398400 | |
| 110 | 2 | |a Academia Chilena de la Historia |e autor |9 398401 | |
| 245 | 1 | 0 | |a Historia de Chile bajo el gobierno del general Don Joaquín Prieto. |
| 250 | |a Tercera edición. | ||
| 260 | |a Santiago, Chile: |b Fondo Histórico Presidente Joaquín Prieto, |c 1962 -1965. | ||
| 300 | |a 2 Volúmenes. | ||
| 490 | 0 | |a Estudios, |v 1. | |
| 500 | |a c.4 Volumen II: Donación Familia Prof. Alejandro Guzmán Brito. | ||
| 583 | |a last modification |c 20150714 02:08:47 |k Rodrigo Vera | ||
| 600 | 0 | |a Prieto Vial, Joaquín |9 398402 | |
| 650 | 0 | |a Historiografía |9 257871 |z Chile |y Siglo 19 | |
| 650 | 0 | |a Presidentes |z Chile |9 255176 | |
| 650 | 0 | |a Administración pública |z Chile |9 255343 | |
| 650 | 0 | |a Poder político |z Chile |9 255509 | |
| 852 | |a BIBCUR | ||
| 942 | |c BK |2 ddc |n 0 | ||
| 945 | |d 19971219 00:00:00 |a cmena | ||
| 952 | |0 0 |1 0 |2 ddc |4 0 |6 983_050000000000000_SOT_1962 |7 0 |8 DER_HIS |9 295262 |a BIBDER |b BIBDER |d 2019-11-19 |h v.1 |i 1922149 |o 983.05 SOT 1962 |p 1922149 |r 2023-01-25 |t 1 |w 2019-11-19 |x Ubicación 4to Piso |y BK_X |z Estos recursos deben solicitarse con anticipación |k DER | ||
| 952 | |0 0 |1 0 |2 ddc |4 0 |6 983_050000000000000_SOT_1962 |7 0 |8 DER_HIS |9 295263 |a BIBDER |b BIBDER |d 2019-11-19 |h v.2 |i 1922157 |o 983.05 SOT 1962 |p 1922157 |r 2023-01-25 |t 1 |w 2019-11-19 |x Ubicación 4to Piso |y BK_X |z Estos recursos deben solicitarse con anticipación |k DER | ||
| 952 | |0 0 |1 0 |2 ddc |4 0 |6 983_050000000000000_SOT_1962 |7 0 |8 R |9 295264 |a BIBHIS |b BIBHIS |d 2019-11-19 |h v.1 |i 1255231 |o 983.05 SOT 1962 |p 1255231 |r 2024-01-30 |t 2 |w 2019-11-19 |y BK_R |k HIS | ||
| 952 | |0 0 |1 0 |2 ddc |4 0 |6 983_050000000000000_SOT_1962 |7 0 |8 R |9 295265 |a BIBHIS |b BIBHIS |d 2019-11-19 |h v.2 |i 125524K |o 983.05 SOT 1962 |p 125524K |r 2024-01-30 |t 2 |w 2019-11-19 |y BK_R |k HIS | ||
| 952 | |0 0 |1 0 |2 ddc |4 0 |6 983_050000000000000_SOT_1962 |7 0 |8 X |9 295266 |a FDOBUD |b FDOBUD |d 2019-11-19 |h v.1 |i 4567633 |o 983.05 SOT 1962 |p 4567633 |r 2019-11-19 |t 3 |w 2019-11-19 |y BK_X |k BUD | ||
| 952 | |0 0 |1 0 |2 ddc |4 0 |6 983_050000000000000_SOT_1962 |7 0 |8 X |9 295267 |a FDOBUD |b FDOBUD |d 2019-11-19 |h v.2 |i 4567641 |o 983.05 SOT 1962 |p 4567641 |r 2019-11-19 |t 3 |w 2019-11-19 |y BK_X |k BUD | ||